| 000 | 00433cam a2200181ua 4500 | ||
|---|---|---|---|
| 020 | _c3.00 | ||
| 041 |
_ahin _h |
||
| 082 |
_a891.54 _bYAN/JA |
||
| 100 | _aYanjdath, Sharma . | ||
| 245 |
_aJayasi sahitya aur sidhanth / _cYanjdath Sharma. _hTextual Documents |
||
| 250 |
_a1 / _b. |
||
| 260 |
_a : _bAtmaram and Sons , _c1955. |
||
| 300 | _a120 ; . | ||
| 365 | _a3.00 | ||
| 504 | _a | ||
| 942 | _cBK | ||
| 999 |
_c8180 _d8180 |
||